000 00327pab a2200145 454500
008 180718b1989 xxu||||| |||| 00| 0 eng d
100 _aWatt, Ian
245 _aLeadership in the police service
260 _c1989
300 _a13-21
362 _aJan.-Mar.
650 _aPolice
773 _aPolice Journal
909 _a15115
999 _c15115
_d15115